Loading...
| Science - Physics | 1 | 4 | 1 | 0 | 50 | 56 | 79.40 | 3 | 4 | 19.74 | 43.33 |
| Current Events | 2 | 0 | 1 | 0 | 25 | 33 | 35.50 | 1 | 2 | 21.28 | 21.43 |
| Social Science | 1 | 2 | 2 | 1 | 25 | 81 | 124.00 | 1 | 3 | 2.96 | 15.33 |
| Science - Biology | 0 | 3 | 2 | 1 | 20 | 81 | 106.67 | 0 | 3 | 6.42 | 18.33 |
| Science - Other | 0 | 3 | 2 | 0 | 20 | 101 | 120.67 | 0 | 0 | 3.79 | 12.96 |
| History - American | 1 | 0 | 0 | 0 | 15 | 44 | 44.00 | 1 | 1 | 8.36 | 12.50 |
| History - World | 0 | 1 | 0 | 1 | 10 | 137 | 137.00 | 0 | 0 | 0.05 | 1.11 |
| Religion | 1 | 0 | 1 | 0 | 10 | 50 | 50.00 | 1 | 1 | 8.33 | 12.50 |
| Geography | 0 | 1 | 0 | 0 | 10 | 89 | 89.00 | 0 | 1 | 3.74 | 10.42 |
| Science - Chemistry | 0 | 1 | 1 | 0 | 5 | 83 | 83.00 | 0 | 1 | 3.71 | 6.67 |
| Mythology | 0 | 0 | 1 | 0 | -5 | 0.00 | 0 | 0 | 0.00 | 0.00 |